| 000 | 00659nam a2200205 a 4500 | ||
|---|---|---|---|
| 001 | 000036515 | ||
| 005 | 20200930075756.0 | ||
| 008 | 120119s1972 sp 000 0 spa d | ||
| 040 |
_aDO-SdBNP _bspa _cBNPHU |
||
| 082 |
_axxxx _bP622F, 1972 |
||
| 100 | 1 |
_aClancier, Pierre-Sylvestre _962762 |
|
| 245 | 1 | 0 |
_aFreud. / _cPierre-Sylvestre Clancier; traducción Hugo Acevedo. |
| 250 | _a2a ed. | ||
| 260 |
_aBarcelona : _bGedisa, _c1972. |
||
| 300 |
_a116 p. ; _c20. |
||
| 490 | 1 | _aPsicoterapia mayor | |
| 504 | _aIncluye referencias bibliográficas y notas al pie de las páginas | ||
| 700 | 1 |
_aAcevedo, Hugo, _etr. _928594 |
|
| 830 | 0 |
_aPsicoterapia mayor _962763 |
|
| 999 |
_c36006 _d36006 |
||